| 000 | 00611nam a2200193 i 4500 | ||
|---|---|---|---|
| 001 | 117948 | ||
| 003 | ES-MaACL | ||
| 005 | 20230906191012.0 | ||
| 007 | t| | ||
| 008 | 070214s1962 sp r ||||1| spa d | ||
| 100 | 1 |
_aPelay Orozco, Miguel. _990021 |
|
| 245 | 1 | 0 |
_aDiálogos del camino _b: (sobre el carácter vasco y otros ensayos) / _cMiguel Pelay Orozco. |
| 260 |
_aSan Sebastián : _bAuñamendi, _c1962. |
||
| 300 |
_a199 p. ; _c18 cm. |
||
| 490 | 1 |
_aColección "Auñamendi" ; _v20 |
|
| 830 | 0 |
_aColección "Auñamendi" ; _v20 _9181019 |
|
| 852 |
_aES-MaACL _jC-21363 _bR.49681 |
||
| 999 |
_c117948 _d117948 |
||